000 00333nam a2200157Ia 4500
001 13883
008 140402s9999 xx 000 0 und d
040 _cPK-LaUMT
082 _a 220
_bASI-B
100 _aAsi Ziaee
245 _aBarnabas ki Engeel
_cAsi Ziaee
260 _c1998
300 _a286 p.
546 _aEN
942 _cBK
999 _c14528
_d14528